Calculating the overheads when a job has hit delays (Record no. 65556)
[ view plain ]
| 000 -LEADER | |
|---|---|
| fixed length control field | 01157cam a2200253 4500 |
| 001 - CONTROL NUMBER | |
| control field | ABS63257 |
| 008 - FIXED-LENGTH DATA ELEMENTS--GENERAL INFORMATION | |
| fixed length control field | 000000n2000 000 0 eng u |
| 035 ## - SYSTEM CONTROL NUMBER | |
| System control number | (Sirsi) u109888 |
| 100 ## - MAIN ENTRY--PERSONAL NAME | |
| Personal name | Winter, J |
| 245 ## - TITLE STATEMENT | |
| Title | Calculating the overheads when a job has hit delays |
| 260 ## - PUBLICATION, DISTRIBUTION, ETC. | |
| Date of publication, distribution, etc. | 2000 |
| 490 ## - SERIES STATEMENT | |
| Series statement | Construction News |
| Volume/sequential designation | (6693) 23 November 2000, 31(1) |
| 520 ## - SUMMARY, ETC. | |
| Summary, etc. | Examines contractors' delay claims which include a claim for 'head office overhead and profit'. Claimants often use one of three arithmetical formulae - Hudson's, Emden or Eichleay - to calculate their claims. Such a claim can only succeed if it can be proved that the contractor was deprived of the opportunity to win work. The article describes the different types of overhead that can be included and examines each of the formulae before advising that formulae must be used with caution. |
| 590 ## - LOCAL NOTE (RLIN) | |
| Local note | ABS |
| 650 ## - SUBJECT ADDED ENTRY--TOPICAL TERM | |
| Topical term or geographic name entry element | CONTRACT CLAIMS |
| 650 ## - SUBJECT ADDED ENTRY--TOPICAL TERM | |
| Topical term or geographic name entry element | DELAYS |
| 650 ## - SUBJECT ADDED ENTRY--TOPICAL TERM | |
| Topical term or geographic name entry element | HUDSONS FORMULA |
| 650 ## - SUBJECT ADDED ENTRY--TOPICAL TERM | |
| Topical term or geographic name entry element | EMDEN FORMULA |
| 650 ## - SUBJECT ADDED ENTRY--TOPICAL TERM | |
| Topical term or geographic name entry element | EICHLEAY FORMULA |
| 650 ## - SUBJECT ADDED ENTRY--TOPICAL TERM | |
| Topical term or geographic name entry element | HEAD OFFICE OVERHEADS |
| 690 ## - LOCAL SUBJECT ADDED ENTRY--TOPICAL TERM (OCLC, RLIN) | |
| Topical term or geographic name as entry element | BUILT ENVIRONMENT-BUILDING CONTRACT FORMS |
| 700 ## - ADDED ENTRY--PERSONAL NAME | |
| Personal name | Pike, R |
| 942 ## - ADDED ENTRY ELEMENTS (KOHA) | |
| Suppress in OPAC | 0 |
| Withdrawn status | Lost status | Source of classification or shelving scheme | Damaged status | Not for loan | Home library | Current library | Shelving location | Date acquired | Total Checkouts | Full call number | Barcode | Date last seen | Copy number | Price effective from | Koha item type |
|---|---|---|---|---|---|---|---|---|---|---|---|---|---|---|---|
| Dewey Decimal Classification | London | London | Journal article | 11/12/2000 | ABS63257 | 109888-1001 | 06/08/2019 | 1 | 06/08/2019 | Journal article |